000
00263nam a2200097Ia 4500
001
683461
005
20250826161438.0
008
250824s9999 xx 000 0 und d
245
0
_a
ZAMAN YOLCULARI ÇANAKKALE SAVAŞINDA
_c
MUSTAFA ORAKÇI
260
_b
TİMAŞ YAYINLARI
999
_c
683461
_d
683461